[Event "Deutsche Ländermeisterschaft 2025"]
[Site "Oer-Erkenschwick GER"]
[Date "2025.10.03"]
[Round "4"]
[White "Atoyan, Alberto"]
[Black "Sydykov, Bayastan"]
[Result "1/2-1/2"]
[Termination "normal"]
[Board "2.1"]
[WhiteTitle "CM"]
[BlackTitle "FM"]
[WhiteElo "2302"]
[BlackElo "2357"]
[WhiteClock "00:08:31"]
[BlackClock "00:10:57"]
[WhiteTeam "Bayern"]
[BlackTeam "Baden"]
[PlyCount "137"]
[WhiteFideId "13314831"]
[BlackFideId "13829610"]
[EventCountry "GER"]
[EventRounds "7"]
[EventType "team-swiss"]
[EventDate "2025.09.30"]

1. d4 {[%clk 01:30:54]} {[%emt 00:00:04]} Nf6 {[%clk 01:30:49]} {[%emt
00:00:12]} 2. c4 {[%clk 01:31:14]} {[%emt 00:00:10]} e6 {[%clk 01:30:51]}
{[%emt 00:00:28]} 3. Nc3 {[%clk 01:31:35]} {[%emt 00:00:08]} Bb4 {[%clk
01:30:22]} {[%emt 00:00:59]} 4. e3 {[%clk 01:30:50]} {[%emt 00:01:15]} b6
{[%clk 01:30:23]} {[%emt 00:00:29]} 5. Bd3 {[%clk 01:27:58]} {[%emt 00:03:22]}
Bb7 {[%clk 01:29:26]} {[%emt 00:01:28]} 6. Nf3 {[%clk 01:27:56]} {[%emt
00:00:32]} O-O {[%clk 01:26:24]} {[%emt 00:03:31]} 7. Bd2 {[%clk 01:23:50]}
{[%emt 00:04:36]} d5 {[%clk 01:20:07]} {[%emt 00:06:47]} 8. cxd5 {[%clk
01:20:29]} {[%emt 00:03:51]} exd5 {[%clk 01:20:15]} {[%emt 00:00:22]} 9. Rc1
{[%clk 01:20:22]} {[%emt 00:00:37]} Be7 {[%clk 01:11:07]} {[%emt 00:09:38]} 10.
Ne5 {[%clk 01:06:16]} {[%emt 00:14:36]} c5 {[%clk 01:09:27]} {[%emt 00:02:09]}
11. O-O {[%clk 01:05:54]} {[%emt 00:00:52]} Nc6 {[%clk 01:07:59]} {[%emt
00:02:18]} 12. a3 {[%clk 00:52:04]} {[%emt 00:15:01]} a6 {[%clk 00:47:50]}
{[%emt 00:20:39]} 13. Be1 {[%clk 00:43:29]} {[%emt 00:09:05]} Qd6 {[%clk
00:35:29]} {[%emt 00:12:51]} 14. Nxc6 {[%clk 00:29:28]} {[%emt 00:14:31]} Bxc6
{[%clk 00:27:23]} {[%emt 00:08:36]} 15. Na4 {[%clk 00:22:58]} {[%emt 00:07:00]}
c4 {[%clk 00:25:55]} {[%emt 00:01:58]} 16. Bb4 {[%clk 00:19:57]} {[%emt
00:03:31]} Qd8 {[%clk 00:25:32]} {[%emt 00:00:53]} 17. Bxe7 {[%clk 00:20:01]}
{[%emt 00:00:26]} Qxe7 {[%clk 00:26:01]} {[%emt 00:00:02]} 18. Be2 {[%clk
00:19:27]} {[%emt 00:01:04]} Rab8 {[%clk 00:25:10]} {[%emt 00:01:20]} 19. Bf3
{[%clk 00:17:13]} {[%emt 00:02:44]} Qd7 {[%clk 00:23:21]} {[%emt 00:02:19]} 20.
Nc3 {[%clk 00:17:37]} {[%emt 00:00:06]} b5 {[%clk 00:23:27]} {[%emt 00:00:24]}
21. Re1 {[%clk 00:15:03]} {[%emt 00:03:04]} Rfe8 {[%clk 00:23:42]} {[%emt
00:00:15]} 22. b3 {[%clk 00:12:47]} {[%emt 00:02:47]} Qd6 {[%clk 00:21:46]}
{[%emt 00:02:26]} 23. bxc4 {[%clk 00:06:16]} {[%emt 00:07:01]} bxc4 {[%clk
00:21:53]} {[%emt 00:00:23]} 24. a4 {[%clk 00:06:25]} {[%emt 00:00:20]} Qa3
{[%clk 00:15:41]} {[%emt 00:06:42]} 25. Qc2 {[%clk 00:04:26]} {[%emt 00:02:29]}
Rb2 {[%clk 00:14:41]} {[%emt 00:01:30]} 26. Qf5 {[%clk 00:04:04]} {[%emt
00:00:52]} Qd6 {[%clk 00:14:23]} {[%emt 00:00:48]} 27. Rb1 {[%clk 00:01:33]}
{[%emt 00:03:00]} g6 {[%clk 00:14:05]} {[%emt 00:00:49]} 28. Qg5 {[%clk
00:01:57]} {[%emt 00:00:06]} Rc2 {[%clk 00:13:42]} {[%emt 00:00:52]} 29. Rec1
{[%clk 00:02:17]} {[%emt 00:00:10]} Rxc1+ {[%clk 00:13:45]} {[%emt 00:00:28]}
30. Rxc1 {[%clk 00:02:46]} Qa3 {[%clk 00:12:59]} {[%emt 00:01:16]} 31. Ne2
{[%clk 00:03:13]} {[%emt 00:00:03]} Kg7 {[%clk 00:13:04]} 32. Re1 {[%clk
00:01:16]} {[%emt 00:02:51]} Qxa4 {[%clk 00:12:18]} 33. h4 {[%clk 00:01:16]}
Qa5 {[%clk 00:12:18]} 34. Rb1 {[%clk 00:00:55]} {[%emt 00:04:34]} Qc7 {[%clk
00:10:31]} 35. Nf4 {[%clk 00:00:37]} {[%emt 00:01:38]} Rb8 {[%clk 00:09:27]}
36. Rc1 {[%clk 00:00:34]} {[%emt 00:02:08]} Qd8 {[%clk 00:06:51]} 37. h5 {[%clk
00:00:43]} {[%emt 00:03:27]} h6 {[%clk 00:04:37]} 38. Qe5 {[%clk 00:01:01]}
{[%emt 00:02:56]} g5 {[%clk 00:04:33]} 39. Nxd5 {[%clk 00:01:14]} {[%emt
00:00:51]} Bxd5 {[%clk 00:04:26]} 40. Bxd5 {[%clk 00:01:39]} {[%emt 00:00:42]}
Rb5 {[%clk 00:03:46]} 41. e4 {[%clk 00:28:03]} {[%emt 00:06:15]} Kg8 {[%clk
00:32:39]} {[%emt 00:01:37]} 42. Qg3 {[%clk 00:21:01]} {[%emt 00:07:32]} Nxd5
{[%clk 00:32:32]} {[%emt 00:00:37]} 43. exd5 {[%clk 00:21:19]} {[%emt
00:00:12]} Rxd5 {[%clk 00:27:26]} {[%emt 00:05:36]} 44. Rxc4 {[%clk 00:19:36]}
{[%emt 00:02:12]} Rxd4 {[%clk 00:27:50]} {[%emt 00:00:06]} 45. Rc6 {[%clk
00:16:30]} {[%emt 00:03:36]} Rf4 {[%clk 00:25:26]} {[%emt 00:02:53]} 46. Qb3
{[%clk 00:13:44]} {[%emt 00:03:16]} Qd4 {[%clk 00:25:21]} {[%emt 00:00:36]} 47.
Rc8+ {[%clk 00:12:37]} {[%emt 00:01:37]} Kg7 {[%clk 00:25:01]} 48. Qc3 {[%clk
00:12:38]} {[%emt 00:01:18]} a5 {[%clk 00:21:07]} 49. Qxd4+ {[%clk 00:11:07]}
{[%emt 00:06:26]} Rxd4 {[%clk 00:21:34]} 50. Rc5 {[%clk 00:11:26]} {[%emt
00:00:13]} Rd1+ {[%clk 00:19:20]} 51. Kh2 {[%clk 00:11:26]} Ra1 {[%clk
00:19:20]} 52. g4 {[%clk 00:11:26]} a4 {[%clk 00:19:20]} 53. Rc6 {[%clk
00:11:26]} a3 {[%clk 00:19:20]} 54. Ra6 {[%clk 00:11:26]} a2 {[%clk 00:19:20]}
55. Kg2 {[%clk 00:11:26]} Kf8 {[%clk 00:19:20]} 56. Ra8+ {[%clk 00:11:26]} Ke7
{[%clk 00:19:20]} 57. Ra6 {[%clk 00:08:17]} {[%emt 00:16:55]} Kf8 {[%clk
00:13:11]} {[%emt 00:00:07]} 58. Ra8+ {[%clk 00:07:37]} {[%emt 00:01:10]} Ke7
{[%clk 00:13:34]} {[%emt 00:00:07]} 59. Ra7+ {[%clk 00:07:23]} {[%emt
00:00:44]} Kd6 {[%clk 00:13:55]} {[%emt 00:00:09]} 60. Ra6+ {[%clk 00:07:44]}
{[%emt 00:00:08]} Kc5 {[%clk 00:14:15]} {[%emt 00:00:10]} 61. Ra8 {[%clk
00:07:14]} {[%emt 00:01:00]} Kb4 {[%clk 00:10:50]} {[%emt 00:03:55]} 62. Rb8+
{[%clk 00:07:17]} {[%emt 00:00:26]} Kc3 {[%clk 00:11:15]} {[%emt 00:00:06]} 63.
Rc8+ {[%clk 00:07:32]} {[%emt 00:00:16]} Kd3 {[%clk 00:11:25]} {[%emt
00:00:19]} 64. Rd8+ {[%clk 00:07:36]} {[%emt 00:00:26]} Ke4 {[%clk 00:11:14]}
{[%emt 00:00:42]} 65. Ra8 {[%clk 00:07:19]} {[%emt 00:00:46]} f6 {[%clk
00:09:42]} {[%emt 00:02:02]} 66. Ra4+ {[%clk 00:07:19]} {[%emt 00:00:30]} Ke5
{[%clk 00:10:07]} {[%emt 00:00:06]} 67. Ra5+ {[%clk 00:07:39]} {[%emt
00:00:09]} Ke4 {[%clk 00:10:35]} {[%emt 00:00:03]} 68. Ra4+ {[%clk 00:08:05]}
{[%emt 00:00:04]} Ke5 {[%clk 00:10:57]} {[%emt 00:00:08]} 69. Ra5+ {[%clk
00:08:31]} {[%emt 00:00:03]} 1/2-1/2

[Event "Deutsche Ländermeisterschaft 2025"]
[Site "Oer-Erkenschwick GER"]
[Date "2025.10.03"]
[Round "4"]
[White "Semling, Julius"]
[Black "Mohylnyi, Stepan"]
[Result "1/2-1/2"]
[Termination "normal"]
[Board "2.2"]
[BlackTitle "FM"]
[WhiteElo "2251"]
[BlackElo "2275"]
[WhiteClock "00:03:05"]
[BlackClock "00:14:50"]
[WhiteTeam "Baden"]
[BlackTeam "Bayern"]
[PlyCount "105"]
[WhiteFideId "16290160"]
[BlackFideId "34127836"]
[EventCountry "GER"]
[EventRounds "7"]
[EventType "team-swiss"]
[EventDate "2025.09.30"]

1. e4 {[%clk 01:30:57]} {[%emt 00:00:02]} c5 {[%clk 01:30:55]} {[%emt
00:00:06]} 2. Nf3 {[%clk 01:31:19]} {[%emt 00:00:08]} e6 {[%clk 01:31:20]}
{[%emt 00:00:05]} 3. d4 {[%clk 01:31:38]} {[%emt 00:00:10]} cxd4 {[%clk
01:31:47]} {[%emt 00:00:04]} 4. Nxd4 {[%clk 01:32:00]} {[%emt 00:00:08]} a6
{[%clk 01:32:15]} {[%emt 00:00:03]} 5. c4 {[%clk 01:31:58]} {[%emt 00:00:31]}
Nf6 {[%clk 01:32:39]} {[%emt 00:00:05]} 6. Nc3 {[%clk 01:32:16]} {[%emt
00:00:12]} Bb4 {[%clk 01:33:06]} {[%emt 00:00:04]} 7. Qd3 {[%clk 01:31:31]}
{[%emt 00:01:15]} d5 {[%clk 01:27:28]} {[%emt 00:06:08]} 8. exd5 {[%clk
01:30:30]} {[%emt 00:01:31]} exd5 {[%clk 01:27:52]} {[%emt 00:00:07]} 9. Be2
{[%clk 01:30:00]} {[%emt 00:01:00]} O-O {[%clk 01:25:48]} {[%emt 00:02:34]} 10.
O-O {[%clk 01:28:06]} {[%emt 00:02:24]} Nc6 {[%clk 01:22:37]} {[%emt 00:03:40]}
11. Nxc6 {[%clk 01:27:13]} {[%emt 00:01:23]} bxc6 {[%clk 01:23:02]} {[%emt
00:00:05]} 12. cxd5 {[%clk 01:26:30]} {[%emt 00:01:13]} Nxd5 {[%clk 01:22:55]}
{[%emt 00:00:37]} 13. Nxd5 {[%clk 01:26:10]} {[%emt 00:00:50]} Qxd5 {[%clk
01:14:17]} {[%emt 00:09:08]} 14. Qg3 {[%clk 01:24:36]} {[%emt 00:02:04]} Bd6
{[%clk 01:09:25]} {[%emt 00:05:22]} 15. Bf4 {[%clk 01:24:51]} {[%emt 00:00:15]}
Bxf4 {[%clk 01:02:51]} {[%emt 00:07:04]} 16. Qxf4 {[%clk 01:25:19]} {[%emt
00:00:01]} Be6 {[%clk 01:02:40]} {[%emt 00:00:42]} 17. Rfd1 {[%clk 01:16:02]}
{[%emt 00:09:48]} Qa5 {[%clk 00:58:46]} {[%emt 00:04:23]} 18. Bf3 {[%clk
01:13:06]} {[%emt 00:03:25]} Rab8 {[%clk 00:57:10]} {[%emt 00:02:07]} 19. Qd2
{[%clk 01:03:56]} {[%emt 00:09:40]} Qxd2 {[%clk 00:48:33]} {[%emt 00:09:06]}
20. Rxd2 {[%clk 01:04:24]} {[%emt 00:00:02]} c5 {[%clk 00:48:57]} {[%emt
00:00:07]} 21. Rc1 {[%clk 00:54:17]} {[%emt 00:10:37]} Rfc8 {[%clk 00:41:26]}
{[%emt 00:08:00]} 22. Be2 {[%clk 00:49:08]} {[%emt 00:05:39]} c4 {[%clk
00:34:35]} {[%emt 00:07:22]} 23. Kf1 {[%clk 00:37:28]} {[%emt 00:12:09]} Kf8
{[%clk 00:31:31]} {[%emt 00:03:35]} 24. Rdc2 {[%clk 00:27:46]} {[%emt
00:10:11]} Ke7 {[%clk 00:29:46]} {[%emt 00:02:15]} 25. f4 {[%clk 00:20:02]}
{[%emt 00:08:15]} g6 {[%clk 00:25:09]} {[%emt 00:05:07]} 26. Bxc4 {[%clk
00:14:39]} {[%emt 00:05:53]} Rxc4 {[%clk 00:24:07]} {[%emt 00:01:31]} 27. Rxc4
{[%clk 00:15:01]} {[%emt 00:00:08]} Bxc4+ {[%clk 00:24:36]} {[%emt 00:00:02]}
28. Rxc4 {[%clk 00:15:29]} {[%emt 00:00:01]} Rxb2 {[%clk 00:25:04]} {[%emt
00:00:02]} 29. Ra4 {[%clk 00:14:46]} {[%emt 00:01:13]} Rb6 {[%clk 00:22:09]}
{[%emt 00:03:25]} 30. Ke2 {[%clk 00:14:10]} {[%emt 00:01:06]} Rd6 {[%clk
00:22:16]} {[%emt 00:00:23]} 31. Ke3 {[%clk 00:11:59]} {[%emt 00:02:41]} h5
{[%clk 00:16:38]} {[%emt 00:06:08]} 32. g3 {[%clk 00:10:34]} {[%emt 00:01:56]}
Ke6 {[%clk 00:15:49]} {[%emt 00:01:20]} 33. Ra5 {[%clk 00:07:06]} {[%emt
00:03:57]} f6 {[%clk 00:10:36]} {[%emt 00:05:43]} 34. Ra4 {[%clk 00:05:55]}
{[%emt 00:01:41]} Ke7 {[%clk 00:07:12]} {[%emt 00:03:53]} 35. Re4+ {[%clk
00:03:09]} {[%emt 00:03:16]} Kf7 {[%clk 00:07:31]} {[%emt 00:00:11]} 36. Ra4
{[%clk 00:02:18]} {[%emt 00:01:21]} Ke6 {[%clk 00:07:55]} {[%emt 00:00:06]} 37.
Ra5 {[%clk 00:02:08]} {[%emt 00:00:40]} Ke7 {[%clk 00:07:21]} {[%emt 00:01:04]}
38. a3 {[%clk 00:01:34]} {[%emt 00:01:05]} Ke6 {[%clk 00:06:22]} {[%emt
00:01:28]} 39. Ra4 {[%clk 00:01:06]} {[%emt 00:00:59]} Kf5 {[%clk 00:05:25]}
{[%emt 00:01:26]} 40. h3 {[%clk 00:00:42]} {[%emt 00:00:54]} Ke6 {[%clk
00:05:38]} {[%emt 00:00:17]} 41. Re4+ {[%clk 00:25:38]} {[%emt 00:05:34]} Kf7
{[%clk 00:35:04]} {[%emt 00:01:03]} 42. Rd4 {[%clk 00:23:49]} {[%emt 00:02:20]}
Rb6 {[%clk 00:33:20]} {[%emt 00:02:14]} 43. Ke4 {[%clk 00:21:31]} {[%emt
00:02:48]} Ke6 {[%clk 00:27:43]} {[%emt 00:06:08]} 44. Ra4 {[%clk 00:20:01]}
{[%emt 00:02:00]} Rd6 {[%clk 00:27:50]} {[%emt 00:00:22]} 45. Ke3 {[%clk
00:14:33]} {[%emt 00:05:58]} Ke7 {[%clk 00:25:13]} {[%emt 00:03:07]} 46. Ke4
{[%clk 00:11:21]} {[%emt 00:03:42]} Ke6 {[%clk 00:25:07]} {[%emt 00:00:36]} 47.
Ke3 {[%clk 00:10:08]} {[%emt 00:01:43]} Ke7 {[%clk 00:25:28]} {[%emt 00:00:09]}
48. Rb4 {[%clk 00:05:45]} {[%emt 00:04:53]} Ke6 {[%clk 00:20:10]} {[%emt
00:05:47]} 49. Re4+ {[%clk 00:05:31]} {[%emt 00:00:44]} Kf7 {[%clk 00:20:08]}
{[%emt 00:00:33]} 50. Rd4 {[%clk 00:04:14]} {[%emt 00:01:47]} Rb6 {[%clk
00:19:58]} {[%emt 00:00:40]} 51. Ke4 {[%clk 00:04:25]} {[%emt 00:00:19]} Ke6
{[%clk 00:20:04]} {[%emt 00:00:23]} 52. Ra4 {[%clk 00:04:40]} {[%emt 00:00:15]}
Rd6 {[%clk 00:14:50]} {[%emt 00:05:44]} 53. Ke3 {[%clk 00:03:05]} {[%emt
00:02:05]} 1/2-1/2

[Event "Deutsche Ländermeisterschaft 2025"]
[Site "Oer-Erkenschwick GER"]
[Date "2025.10.03"]
[Round "4"]
[White "Duong, Quang Bach"]
[Black "Semling, Johannes"]
[Result "0-1"]
[Termination "normal"]
[Board "2.3"]
[WhiteElo "2210"]
[BlackElo "2215"]
[WhiteClock "00:28:51"]
[BlackClock "00:01:25"]
[WhiteTeam "Bayern"]
[BlackTeam "Baden"]
[PlyCount "74"]
[WhiteFideId "16287045"]
[BlackFideId "16290151"]
[EventCountry "GER"]
[EventRounds "7"]
[EventType "team-swiss"]
[EventDate "2025.09.30"]

1. d4 {[%clk 01:30:58]} {[%emt 00:00:01]} Nf6 {[%clk 01:30:51]} {[%emt
00:00:09]} 2. c4 {[%clk 01:31:25]} {[%emt 00:00:03]} e6 {[%clk 01:31:13]}
{[%emt 00:00:08]} 3. Nc3 {[%clk 01:31:51]} {[%emt 00:00:03]} Bb4 {[%clk
01:31:36]} {[%emt 00:00:08]} 4. e3 {[%clk 01:32:19]} {[%emt 00:00:03]} O-O
{[%clk 01:31:32]} {[%emt 00:00:35]} 5. Bd3 {[%clk 01:32:44]} {[%emt 00:00:06]}
Re8 {[%clk 01:30:20]} {[%emt 00:01:48]} 6. Nge2 {[%clk 01:30:57]} {[%emt
00:02:21]} d5 {[%clk 01:30:15]} {[%emt 00:00:36]} 7. cxd5 {[%clk 01:30:01]}
{[%emt 00:01:30]} exd5 {[%clk 01:30:33]} {[%emt 00:00:13]} 8. O-O {[%clk
01:29:48]} {[%emt 00:00:47]} Nbd7 {[%clk 01:27:38]} {[%emt 00:03:41]} 9. Qc2
{[%clk 01:29:04]} {[%emt 00:01:20]} c6 {[%clk 01:21:12]} {[%emt 00:07:29]} 10.
h3 {[%clk 01:23:21]} {[%emt 00:06:41]} Nf8 {[%clk 01:19:17]} {[%emt 00:02:32]}
11. a3 {[%clk 01:22:43]} {[%emt 00:01:16]} Bd6 {[%clk 01:10:28]} {[%emt
00:10:06]} 12. b4 {[%clk 01:20:49]} {[%emt 00:02:35]} a6 {[%clk 01:01:45]}
{[%emt 00:09:47]} 13. Rb1 {[%clk 01:20:30]} {[%emt 00:00:51]} Bc7 {[%clk
00:58:59]} {[%emt 00:03:28]} 14. Rd1 {[%clk 01:20:07]} {[%emt 00:00:57]} Qd6
{[%clk 00:57:22]} {[%emt 00:02:13]} 15. Ng3 {[%clk 01:18:17]} {[%emt 00:02:32]}
Ne6 {[%clk 00:54:26]} {[%emt 00:03:40]} 16. a4 {[%clk 01:16:14]} {[%emt
00:02:44]} b5 {[%clk 00:51:36]} {[%emt 00:03:33]} 17. a5 {[%clk 01:13:38]}
{[%emt 00:03:19]} h5 {[%clk 00:48:10]} {[%emt 00:04:09]} 18. Nce2 {[%clk
01:10:26]} {[%emt 00:03:52]} h4 {[%clk 00:47:09]} {[%emt 00:01:35]} 19. Nf1
{[%clk 01:10:42]} {[%emt 00:00:14]} Ng5 {[%clk 00:40:18]} {[%emt 00:07:42]} 20.
Bd2 {[%clk 01:09:27]} {[%emt 00:01:50]} Nfe4 {[%clk 00:32:17]} {[%emt
00:08:57]} 21. Be1 {[%clk 01:08:08]} {[%emt 00:01:54]} Nxh3+ {[%clk 00:16:42]}
{[%emt 00:16:58]} 22. gxh3 {[%clk 01:08:33]} {[%emt 00:00:05]} Qg6+ {[%clk
00:16:06]} {[%emt 00:01:07]} 23. Nfg3 {[%clk 00:43:58]} {[%emt 00:25:52]} hxg3
{[%clk 00:10:30]} {[%emt 00:06:14]} 24. f3 {[%clk 00:41:06]} {[%emt 00:03:26]}
Bf5 {[%clk 00:05:53]} {[%emt 00:05:10]} 25. fxe4 {[%clk 00:38:33]} {[%emt
00:03:06]} dxe4 {[%clk 00:06:19]} {[%emt 00:00:04]} 26. Bxb5 {[%clk 00:38:00]}
{[%emt 00:01:04]} axb5 {[%clk 00:06:43]} {[%emt 00:00:06]} 27. d5 {[%clk
00:38:10]} {[%emt 00:00:21]} Bxh3 {[%clk 00:04:25]} {[%emt 00:02:50]} 28. dxc6
{[%clk 00:34:38]} {[%emt 00:04:05]} Qg5 {[%clk 00:01:33]} {[%emt 00:03:23]} 29.
Rb3 {[%clk 00:34:13]} {[%emt 00:00:56]} Bg4 {[%clk 00:00:44]} {[%emt 00:01:20]}
30. Rd7 {[%clk 00:32:26]} {[%emt 00:02:17]} Rac8 {[%clk 00:00:32]} {[%emt
00:00:43]} 31. Nd4 {[%clk 00:31:49]} {[%emt 00:01:06]} Bf3 {[%clk 00:00:41]}
{[%emt 00:00:22]} 32. Nxf3 {[%clk 00:29:45]} {[%emt 00:02:34]} exf3 {[%clk
00:01:07]} {[%emt 00:00:04]} 33. e4 {[%clk 00:30:12]} Qh5 {[%clk 00:00:40]}
{[%emt 00:00:59]} 34. Rxc7 {[%clk 00:29:14]} f2+ {[%clk 00:00:40]} 35. Bxf2
{[%clk 00:29:14]} gxf2+ {[%clk 00:01:25]} {[%emt 00:02:34]} 36. Qxf2 {[%clk
00:28:51]} Rxc7 {[%clk 00:01:25]} 37. Rc3 {[%clk 00:28:51]} Qg4+ {[%clk
00:01:25]} 0-1

[Event "Deutsche Ländermeisterschaft 2025"]
[Site "Oer-Erkenschwick GER"]
[Date "2025.10.03"]
[Round "4"]
[White "Haug, Mara"]
[Black "Logvinov, Petro"]
[Result "0-1"]
[Termination "normal"]
[Board "2.4"]
[BlackTitle "FM"]
[WhiteElo "2078"]
[BlackElo "2166"]
[WhiteClock "00:01:51"]
[BlackClock "00:03:43"]
[WhiteTeam "Baden"]
[BlackTeam "Bayern"]
[PlyCount "82"]
[WhiteFideId "16259300"]
[BlackFideId "14176661"]
[EventCountry "GER"]
[EventRounds "7"]
[EventType "team-swiss"]
[EventDate "2025.09.30"]

1. e4 {[%clk 01:30:57]} {[%emt 00:00:02]} c5 {[%clk 01:30:54]} {[%emt
00:00:06]} 2. Nf3 {[%clk 01:31:22]} {[%emt 00:00:05]} e6 {[%clk 01:30:52]}
{[%emt 00:00:32]} 3. d4 {[%clk 01:31:47]} {[%emt 00:00:05]} cxd4 {[%clk
01:31:17]} {[%emt 00:00:05]} 4. Nxd4 {[%clk 01:32:11]} {[%emt 00:00:06]} a6
{[%clk 01:31:45]} {[%emt 00:00:02]} 5. Bd3 {[%clk 01:32:29]} {[%emt 00:00:12]}
Bc5 {[%clk 01:32:09]} {[%emt 00:00:06]} 6. Nb3 {[%clk 01:31:51]} {[%emt
00:01:07]} Be7 {[%clk 01:32:38]} {[%emt 00:00:02]} 7. c4 {[%clk 01:31:26]}
{[%emt 00:00:55]} d6 {[%clk 01:32:56]} {[%emt 00:00:12]} 8. Nc3 {[%clk
01:31:14]} {[%emt 00:00:43]} Nf6 {[%clk 01:33:15]} {[%emt 00:00:10]} 9. O-O
{[%clk 01:30:47]} {[%emt 00:00:58]} Nbd7 {[%clk 01:33:36]} {[%emt 00:00:08]}
10. Be3 {[%clk 01:28:21]} {[%emt 00:02:56]} Qc7 {[%clk 01:33:50]} {[%emt
00:00:17]} 11. f4 {[%clk 01:25:39]} {[%emt 00:03:12]} b6 {[%clk 01:29:53]}
{[%emt 00:04:27]} 12. Qe2 {[%clk 01:22:04]} {[%emt 00:04:06]} Bb7 {[%clk
01:30:12]} {[%emt 00:00:11]} 13. Rae1 {[%clk 01:16:27]} {[%emt 00:06:06]} h5
{[%clk 01:17:22]} {[%emt 00:13:20]} 14. Bd4 {[%clk 01:09:10]} {[%emt 00:07:47]}
Nc5 {[%clk 01:01:11]} {[%emt 00:16:40]} 15. Nxc5 {[%clk 01:03:56]} {[%emt
00:05:45]} bxc5 {[%clk 00:58:22]} {[%emt 00:03:19]} 16. Bf2 {[%clk 00:55:39]}
{[%emt 00:08:45]} O-O-O {[%clk 00:33:14]} {[%emt 00:25:40]} 17. b4 {[%clk
00:46:00]} {[%emt 00:10:10]} cxb4 {[%clk 00:25:54]} {[%emt 00:07:49]} 18. Na4
{[%clk 00:45:59]} {[%emt 00:00:31]} Qc6 {[%clk 00:25:45]} {[%emt 00:00:38]} 19.
Qc2 {[%clk 00:40:59]} {[%emt 00:05:31]} Ng4 {[%clk 00:24:36]} {[%emt 00:01:39]}
20. Ba7 {[%clk 00:37:24]} {[%emt 00:04:05]} Nf6 {[%clk 00:13:59]} {[%emt
00:11:08]} 21. Re2 {[%clk 00:32:01]} {[%emt 00:05:53]} Nd7 {[%clk 00:13:13]}
{[%emt 00:01:16]} 22. Rb1 {[%clk 00:25:21]} {[%emt 00:07:11]} a5 {[%clk
00:09:15]} {[%emt 00:04:28]} 23. a3 {[%clk 00:22:01]} {[%emt 00:03:50]} bxa3
{[%clk 00:04:18]} {[%emt 00:05:27]} 24. e5 {[%clk 00:17:52]} {[%emt 00:04:39]}
Qa6 {[%clk 00:02:03]} {[%emt 00:02:44]} 25. Bf2 {[%clk 00:14:45]} {[%emt
00:03:37]} Nc5 {[%clk 00:00:32]} {[%emt 00:02:01]} 26. Rb6 {[%clk 00:10:15]}
{[%emt 00:05:00]} Qa7 {[%clk 00:00:58]} {[%emt 00:00:05]} 27. exd6 {[%clk
00:10:19]} {[%emt 00:00:26]} Bxd6 {[%clk 00:00:34]} {[%emt 00:00:54]} 28. Rxd6
{[%clk 00:07:51]} {[%emt 00:02:58]} Rxd6 {[%clk 00:01:03]} {[%emt 00:00:02]}
29. Bxc5 {[%clk 00:08:08]} {[%emt 00:00:13]} Qa6 {[%clk 00:00:58]} {[%emt
00:00:34]} 30. Bxd6 {[%clk 00:08:08]} {[%emt 00:00:31]} Qxd6 {[%clk 00:01:26]}
{[%emt 00:00:02]} 31. c5 {[%clk 00:02:32]} {[%emt 00:06:06]} Qd4+ {[%clk
00:01:55]} 32. Kf1 {[%clk 00:01:31]} {[%emt 00:01:30]} a2 {[%clk 00:01:39]}
{[%emt 00:00:47]} 33. Qxa2 {[%clk 00:01:13]} {[%emt 00:00:47]} Qxd3 {[%clk
00:02:03]} {[%emt 00:00:06]} 34. Nb6+ {[%clk 00:01:25]} {[%emt 00:00:19]} Kb8
{[%clk 00:02:12]} {[%emt 00:00:20]} 35. Kf2 {[%clk 00:00:59]} {[%emt 00:00:56]}
Qd4+ {[%clk 00:02:33]} {[%emt 00:00:08]} 36. Ke1 {[%clk 00:01:00]} {[%emt
00:00:30]} Qg1+ {[%clk 00:02:36]} {[%emt 00:00:27]} 37. Kd2 {[%clk 00:01:21]}
{[%emt 00:00:09]} Rd8+ {[%clk 00:02:51]} {[%emt 00:00:15]} 38. Kc3 {[%clk
00:01:06]} {[%emt 00:00:45]} Qd4+ {[%clk 00:03:13]} {[%emt 00:00:08]} 39. Kb3
{[%clk 00:01:11]} {[%emt 00:00:26]} Qd3+ {[%clk 00:02:51]} {[%emt 00:00:51]}
40. Ka4 {[%clk 00:01:30]} {[%emt 00:00:11]} Bc6+ {[%clk 00:03:15]} {[%emt
00:00:06]} 41. Kxa5 {[%clk 00:01:51]} {[%emt 00:00:09]} Qb5# {[%clk 00:03:43]}
{[%emt 00:00:01]} 0-1